Fable à trous : Le Corbeau et le Renard - Statistiques

Statistiques générales
  • Ce quiz a été pris 379 fois
  • Le résultat moyen est 12 sur 18
Statistiques - réponses
Fable Le Corbeau et le Renard % Correct
Tenait en son bec un fromage. Tenait en son bec un {fromage}.
100%
Maître Corbeau, sur un {arbre} {perché},
95%
Que vous êtes joli ! que vous me semblez beau ! Que vous êtes joli ! que vous me semblez {beau} !
91%
Se rapporte à votre plumage, Se rapporte à votre {plumage},
91%
Lui tint à peu près ce langage : Lui tint à peu près ce {langage} :
88%
Maître renard par l'odeur alléché, Maître Renard par l'{odeur} {alléché},
87%
Sans mentir, si votre ramage Sans mentir, si votre {ramage}
81%
Il ouvre un large bec laisse tomber sa proie. Il ouvre un large bec laisse tomber sa {proie}.
73%
Vous êtes le phénix des hôtes de ces bois". Vous êtes le {phénix} des hôtes de ces bois".
64%
Cette leçon vaut bien un fromage sans doute". Cette {leçon} vaut bien un fromage sans doute".
59%
A ces mots le corbeau ne se sent pas de joie; A ces mots le corbeau ne se sent pas de {joie} ;
55%
Vit aux dépens de celui qui l'écoute: Vit aux dépens de {celui} {qui} {l}'{écoute} :
55%
Et pour montrer sa belle voix, Et pour montrer sa {belle} {voix},
53%
"Et bonjour Monsieur du Corbeau. "Et {bonjour} Monsieur du Corbeau.
50%
Apprenez que tout flatteur Apprenez que tout {flatteur}
47%
Jura mais un peu tard, qu'on ne l'y prendrait plus. Jura mais {un} {peu} {tard}, qu'on ne l'y prendrait plus.
47%
Le corbeau honteux et confus Le corbeau {honteux} et confus
41%
Le renard s'en saisit et dit: "Mon bon Monsieur, Le Renard {s}'{en} {saisit} et dit: "Mon bon Monsieur,
40%
Aucun quiz correspondant
Distribution des résultats
% des personnes avec chaque résultat
Percentile par nombre de réponses
Votre historique - résultats
Vous n’avez pas pris ce quiz